| 000 | 00349 a2200157 4500 | ||
|---|---|---|---|
| 001 | 152849 | ||
| 040 | _cEscola São Tomás de Aquino | ||
| 100 | _aRIOS, Rosana | ||
| 240 | 1 | 0 |
_aO Boi- Bumbá _lpor |
| 245 | 1 | 0 | _aO Boi- Bumbá |
| 300 | _a48 | ||
| 362 | 0 | _a2015 | |
| 440 | 1 | _aEdelbra | |
| 697 | _aFolclore / Adivinhações / Lendas | ||
| 942 | _cBK | ||
| 999 |
_c152849 _d152849 |
||